000 00622nam a2200229 i 4500
001 C2-0322292
003 PPAK
005 20180728121242.0
008 130512s2012 nyu |||| ||||| | eng d
040 _aPPAK
_beng
_cPPAK
_erda
082 0 4 _a364.106
_223
090 0 0 _a364.106
_bJOU
_dRLCK
245 0 0 _aJournal of International Affairs
264 1 _aNew York :
_bColumbia University ,
_c2012
300 _axvi, 245 pages ;
_c25 cm
336 _2rdacontent
_atext
337 _2rdamedia
_aunmediated
338 _2rdacarrier
_avolume
500 _aVolume 66, Number 1
650 1 0 _aOrganized crime
942 _ddc
_cB
999 _c122637
_d122637